000 00741nam a22002177a 4500
999 _c14971
_d14971
003 AR-CdUCM
008 190425b ||||| |||| 00| 0 spa d
020 _a978-607-16-0283-1
040 _aMUNICIPALIDAD PROVINCIAL DEL CUSCO
_cBIBLIOTECA MUNICIPAL DEL CUSCO
082 _aPI / 808.06 /
_bC32
100 _aChamorro, Marco
_933956
245 _aSegundo acto /
260 _aMéxico :
_bFondo de cultura económica,
_c2010.
300 _bIlustraciones,
_c23 cm.
500 _aEste libro recibió mención de honor en el XI congreso de álbum ilustrado a la orilla del viento
650 _aPatio de comedias
_933957
650 _aInfantil
_96210
650 _aPrimera infancia
_924660
942 _2ddc
_cLIBROS
945 _adavv
_d25/04/2019